| 000 | 00729nam a2200205 i 4500 | ||
|---|---|---|---|
| 001 | 22537 | ||
| 003 | ES-MaACL | ||
| 005 | 20250829062528.0 | ||
| 007 | t| | ||
| 008 | 021203s1977 sp ||||1| spa d | ||
| 100 | 1 |
_aAlvarez Lowel, Mercedes. _920862 |
|
| 245 | 1 | 0 |
_aLengua inglesa I / _c[preparada por el equipo docente formado por: Mercedes Alvarez Lowell, Antonio Ollero García]. |
| 260 |
_a[Móstoles (Madrid) : _bGrefol, _c1977] |
||
| 300 |
_a6 t. en 1 v. ; _c30 cm. |
||
| 500 | _aPrecede al tít.: Universidad a Distancia. | ||
| 700 | 1 |
_aOllero García, Antonio. _986926 |
|
| 710 | 2 |
_aUniversidad Nacional de Educación a Distancia (España) _97405 |
|
| 852 |
_aES-MaACL _jL-7000 _bR.108009 |
||
| 999 |
_c22537 _d22537 |
||